00883nam a2200217 a 4500001001000000003000500010005001700015008004100032010001100073011001100084040000900095100004300104245016300147260004100310500006000351502009300411650002600504650002600530650003900556856007000595000115550CHAP20220329144539.0190605s2019 mx a sm |||||||spa d a112011 a112983 cCHAP1 aGarcía González, Fátima Anahí.10aProceso salud-enfermedad y su relación social con las enfermedades transmitidas por los alimentos /h[En línea]cpor Fátima Anahí García González. aChapingo, Méx. :bEl autor,c2019. aPara ver el contenido del material haga clic en la liga aTesis (Ing. Agr. Esp. en Sociología Rural) -- UACH. Departamento de Sociología Rural14aAlimentosxIndustria.14aAlimentosxToxicidad.14aEnfermedades transm por alimentos. aFinding aiduhttp://10.13.5.2/tesis/sist115550.pdfzTeclea aquí